Hấp dẫn Du lịch Cần Thơ

Khám phá đô thị miền sông nước, tìm hiểu 10 địa danh, sự tích,...

שמור ב:
מידע ביבליוגרפי
פורמט: ספר
שפה:Undetermined
יצא לאור: Cần Thơ Đại học Cần Thơ 2017
נושאים:
תגים: הוספת תג
אין תגיות, היה/י הראשונ/ה לתייג את הרשומה!
Thư viện lưu trữ: Trung tâm Học liệu Trường Đại học Cần Thơ
LEADER 00693nam a2200193Ia 4500
001 CTU_229708
008 210402s9999 xx 000 0 und d
082 |a 915.9793 
082 |b H123 
245 0 |a Hấp dẫn Du lịch Cần Thơ 
245 0 |c Nhâm Hùng (Biên soạn) 
260 |a Cần Thơ 
260 |b Đại học Cần Thơ 
260 |c 2017 
520 |a Khám phá đô thị miền sông nước, tìm hiểu 10 địa danh, sự tích,... 
650 |a Cần Thơ (Việt Nam),Cantho (Vietnam) 
650 |x Mô tả và du lịch,Description and travel 
910 |b nthai 
980 |a Trung tâm Học liệu Trường Đại học Cần Thơ